000 00718cam a2200229 a 4500
001 11803000
005 20180109034435.0
008 991005s2001 txua bf 001 0 eng
010 _a 99067764
020 _a0155067370
040 _aDLC
_beng
_cDLC
041 _aeng
080 _a808.042 KIR
082 0 0 _a808.042 KIR
_221
100 1 _a46
101 _aEDU
245 1 4 _aThe brief Holt handbook /
_cLaurie G. Kirszner, Stephen R. Mandell.
504 _aIncludes bibliographical references and index.
906 _a7
_bcbc
_corignew
_d2
_eepcn
_f19
_gy-gencatlg
942 _2ddc
_cBK
999 _c39834
_d39834